000 00530nam a22001697a 4500
999 _c61150
_d61150
005 20231225151420.0
008 231225s1986 ru ||||| |||| 00| 0 rus d
041 _arus
080 _a94(3) B-88
100 _aВулли,Л.
_920871
245 _aЗабытое царство /
_cЛ. Вулли
264 _aМ.:
_bНаука,
_c1986.
300 _a168 с.:
_bил.;
_c20 см.
653 _aარქეოლოგია
653 _aშუმერული ცივილიზაცია
942 _2udc
_cᲬᲘᲒᲜᲘ